000 00212 a2200085 4500
020 _a9780500297698
100 _aNIKOLAUS PEVSNER
245 _aTHE SOURCES OF MODERN ARCHITECTURE AND DESIGN
260 _bTHAMES & HUDSON
999 _c13052
_d13052